LEADER 02016nam 2200421Ia 450 001 996393639703316 005 20210104171850.0 035 $a(CKB)4940000000119721 035 $a(EEBO)2240875448 035 $a(OCoLC)ocn690988454e 035 $a(OCoLC)690988454 035 $a(EXLCZ)994940000000119721 100 $a20101209d1678 uy 0 101 0 $aeng 135 $aurbn||||a|bb| 200 14$aThe charitable Christian or, A word of comfort from the God of comfort, to such as are truly poor$b[electronic resource] $eAnd a word of Christian counsel and advice to such as are worldly rich, stirring them up to the Christian duty and practice of charity. With some powerful motives and perswasions thereunto drawn from the word of God, to convince men of the necessity of this Christian duty with the forse evils and calamities which are threatned in the Word of God, against unmerciful men. /$fPublished by a Lover of Hospitality 210 $a[London] $cPrinted by A.P[urslowe]. and I.Haly] for W. Thackeray, T. Passinger, P. Brooksby, and J. Williamson$d[1678?] 215 $a[24] p. $cport 300 $aAttributed to John Hart. Cf. Wing (2nd ed.). 300 $aDate of publication suggested by Wing (2nd ed.). 300 $aFrontispiece is a port. captioned "John Hart, D.D." 300 $a"Licensed and entered according to order" --Colophon. 300 $aImperfect: faded with some loss of text. 300 $aReproduction of original in: British Library. 330 $aeebo-0018 606 $aCharity$vEarly works to 1800 606 $aChristian life$vEarly works to 1800 606 $aConduct of life$vEarly works to 1800 615 0$aCharity 615 0$aChristian life 615 0$aConduct of life 700 $aHart$b John$cD.D.$0195672 801 0$bUMI 801 1$bUMI 906 $aBOOK 912 $a996393639703316 996 $aThe charitable Christian, or, A word of comfort from the God of comfort, to such as are truly poor$92307949 997 $aUNISA LEADER 00982nam 2200349Ka 450 001 9910698669103321 005 20250511161356.0 035 $a(CKB)5410000000485802 035 $a(OCoLC)318994984 035 $a(EXLCZ)995410000000485802 100 $a20090422d2008 ua 0 101 0 $aeng 181 $ctxt$2rdacontent 182 $cc$2rdamedia 183 $acr$2rdacarrier 200 00$aAttitude!! 205 $aB07 Version 3.0. 210 1$a[Washington, D.C.] :$c[Veterans Administration],$d[2008?] 215 $a1 unnumbered page $cdigital, PDF file 300 $aTitle from title screen (viewed on Apr. 22, 2009). 300 $a"Move!" 606 $aWeight loss 606 $aAttitude (Psychology) 615 0$aWeight loss. 615 0$aAttitude (Psychology) 712 02$aUnited States.$bDepartment of Veterans Affairs. 801 0$bGPO 801 1$bGPO 906 $aBOOK 912 $a9910698669103321 996 $aAttitude$93196936 997 $aUNINA